000
00259nam a2200097Ia 4500
008
220204s9999 xx 000 0 und d
082
_a
019.6(540)
_b
REG
245
0
_a
Regional union catalogue of scientific serials. 3 Pts
260
_a
Delhi
_b
Insdoc
942
_c
BK
999
_c
21096
_d
21096